Nueva York ida y vuelta : cinco poemas /

Vicente T. Mendoza (1894-1964), músico mexicano. Obras: El romance español y el corrido mexicano, estudio comparativo (1939); La danza de los concheros de San Miguel Allende (1941); La décima en México (1947); Música folklórica de México, danzas (1951) y Lírica narrativa en México, el corrido (1966)...

Ful tanımlama

Kaydedildi:
Detaylı Bibliyografya
Yazar: Mendoza, Vicente T. (autor)
Materyal Türü: Kitap
Dil:İspanyolca
Konular:
Etiketler: Etiketle
Etiket eklenmemiş, İlk siz ekleyin!

MARC

LEADER 00000nam^a2200000^a^4500
001 000126353
005 20250521000000.0
009 20260310094722.939
037 |a Acervo ITESO - Biblioteca 
041 |a ESP 
082 |a 861.  |b MEN 
100 |a Mendoza, Vicente T.  |e (autor) 
245 1 0 |a Nueva York ida y vuelta :  |b cinco poemas /  |c V.T. Mendoza. 
264 |a México :  |b edición de autor,  |c 1945 
300 |a 14 p. 
336 |a texto  |b txt  |2 rdacontenido 
337 |a sin mediación  |b n  |2 rdamedio 
338 |a volumen  |b nc  |2 rdasoporte 
520 |a Vicente T. Mendoza (1894-1964), músico mexicano. Obras: El romance español y el corrido mexicano, estudio comparativo (1939); La danza de los concheros de San Miguel Allende (1941); La décima en México (1947); Música folklórica de México, danzas (1951) y Lírica narrativa en México, el corrido (1966), entre otras. 
649 |a XX 
650 |a Poesía Mexicana 
650 |a Literatura Mexicana -  |y Siglo XX 
910 |a Fondo Salvador Reynoso Reynoso 
920 |a Impresos - Libros 
930 |a Fondos Especiales 
940 |a Literatura 
905 |a 112 
901 |a 0800008671  |b IT2  |c ESP  |u 20250521 
902 |a https://opac.biblio.iteso.mx/vufind/Record/000126353